000 00526nam a2200169 a 4500
005 20140412111320.0
008 001118s19uu xx 00 eng d
020 _a971-8637-18-4
050 _aFil E
_bLi72 1989
100 _aReyes, Lucia M.
245 _aThe Little brook /
_cby Lucia M. Reyes; Dr. Lilia R. Cortez.
260 _aPasig City, MM :
_bIntegrated Pub. House,
_c1989.
300 _a1 v. (unp.)
440 _aButterfly Story and Coloring Book
650 _aEnvironmental protection -- Fiction
999 _c104345
_d104345